New Wave Bands - Statistics

General Stats
  • This quiz has been taken 96 times
    81 since last reset
  • The average score is 20 of 28
Answer Stats
Song or Album Hint Answer % Correct
Every Breath You Take London band fronted by Sting; had a string of hits including "Roxanne" and "Message in a Bottle." The Police
96%
Heart of Glass NYC band fronted by Debbie Harry, famous for hits like "Rapture" — the first rap-influenced song to hit #1 in the U.S. Blondie
93%
Psycho Killer NY band led by David Byrne, who blend art rock, funk, & world music. Also known for "Burning Down the House." Talking Heads
88%
White Wedding British rocker who went solo after Generation X; known for spiky hair, sneer, and hits like Rebel Yell. Billy Idol
87%
Sweet Dreams (Are Made of This) Synth duo fronted by Annie Lennox, known for her striking androgynous look and instantly recognizable vocals. Eurythmics
82%
Love Shack Athens, Georgia band famous for quirky fashion, offbeat vocals, and chart-topping party hits like "Rock Lobster." The B-52s
82%
Hungry Like the Wolf MTV darlings with cinematic music videos and a reputation as “the Fab Five.” "Ordinary World" was another smash hit. Duran Duran
81%
Down Under Hard hat wearing Australian band known for this song with lyrics about vegemite sandwiches. Men at Work
81%
West End Girls Iconic, sharp suited UK synth pop duo also known for hits "Always on My Mind" and "It's a Sin." Pet Shop Boys
81%
Shout English duo Roland Orzabal and Curt Smith; also known for "Everybody Wants to Rule the World." Tears for Fears
81%
Tainted Love Synthpop duo best known for Marc Almond’s vocals and dark, dramatic tone. Soft Cell
79%
Whip It Quirky Ohio art-punks known for robotic stage movements, satirical concepts, and spiky “Energy Dome” hats. Devo
78%
Don’t You Want Me Sheffield synthpop pioneers, also known for "Human." The Human League
75%
Don’t You (Forget About Me) Scottish band; iconic for this Breakfast Club soundtrack anthem. Simple Minds
74%
Karma Chameleon Band fronted by Boy George, famous for flamboyant fashion and soulful vocals. Culture Club
72%
Cruel Summer ’80s London girl group who also scored a #1 hit with their cover of Shocking Blue's "Venus." Bananarama
71%
Need You Tonight Australian band fronted by charismatic Michael Hutchence, who tragicallly died in 1997 at the age of 37. INXS
68%
Relax UK synthpop provocateurs whose risqué lyrics got this hit song banned by BBC. Frankie Goes to Hollywood
65%
Just What I Needed American band blending rock and synth with sleek ’80s hooks; hits include "Drive" and "Shake It Up." The Cars
65%
Stand and Deliver Known for face paint, pirate garb, and a style the band dubbed “antmusic.” Adam and the Ants
60%
Brass in Pocket Band fronted by Chrissie Hynde, one of the era’s most iconic female rock singers. Pretenders
54%
True London band known for sharp fashion and smooth blue-eyed soul ballads. Spandau Ballet
54%
Pump It Up Angry young man of new wave; sharp lyrics, Buddy Holly glasses, and backing band The Attractions. Elvis Costello & the Attractions
53%
We Got the Beat LA all-female band with punk roots polished for MTV; also known for "Our Lips Are Sealed." The Go-Gos
51%
The Look of Love Stylish UK New Romantic band led by Martin Fry, also known for "Poison Arrow." ABC
50%
Hold Me Now British trio whose name comes from the bumbling detectives in The Adventures of Tintin; also known for "Doctor! Doctor!" Thompson Twins
47%
Pretty in Pink UK band blending post-punk grit with pop hooks and Richard Butler’s raspy vocals. The Psychedelic Furs
43%
If You Leave Liverpool synth band often abbreviated as OMD; also known for "Enola Gay." Orchestral Manoeuvres in the Dark
40%
No matching quizzes found
Score Distribution
Percent of People with Each Score
Percentile by Number Answered
Your Score History
You have not taken this quiz since the last reset